New Learning Mathematics CBSE syllabus (Record no. 11158)

MARC details
000 -LEADER
fixed length control field 00299nam a22000977a 4500
008 - FIXED-LENGTH DATA ELEMENTS--GENERAL INFORMATION
fixed length control field 180927b ||||| |||| 00| 0 eng d
020 ## - INTERNATIONAL STANDARD BOOK NUMBER
International Standard Book Number 9788177395525
100 ## - MAIN ENTRY--PERSONAL NAME
Personal name Aggarwal. M L
9 (RLIN) 3834
245 ## - TITLE STATEMENT
Title New Learning Mathematics CBSE syllabus
Remainder of title Class IX
260 ## - PUBLICATION, DISTRIBUTION, ETC. (IMPRINT)
Place of publication, distribution, etc. New Delhi
Name of publisher, distributor, etc. Avichal Publishing Company
Date of publication, distribution, etc. 2018
Holdings
Withdrawn status Lost status Source of classification or shelving scheme Damaged status Koha normalized classification for sorting Not for loan Home library Current library Shelving location Date acquired Total Checkouts Total Renewals Full call number Barcode Date last seen Date last checked out Price effective from Koha item type
    Dewey Decimal Classification   AGG_510_000000000000000   Good Samaritan School Library Good Samaritan School Library Mathematics 09/27/2018 16 1 AGG510 AGG15151 01/24/2024 01/08/2024 09/27/2018 BOOK

Powered by Koha